01294naa a22003137a 4500001001000000003000900010005001700019007000300036008003400039040005400073041000900127072002600136090001800162100001500180111008400195245014200279260004200421500011700463650001800580650001200598650001000610650001500620650001300635773011400648909003600762942001400798999001900812952014900831BR6009956BR-BrBNA20240918173129.0ta230509b bl.||||| |||| 00| 0 por d aBR-BrBNAbporcBiblioteca Nacional de Agricultura a(Pt) aL73b5250b5240bG514 aL73 BR60099561 aTorres, S.1 a2. Congresso Brasileiro de VeterinariacBelo Horizonte, MG (Brazil)d7 Sep 19431 aSugestoes para a organizacao de um plano de profilaxia das molestias dos caprinos e ovinos no Nordeste [Capra hircus; Ovis aries; Brasil]3 aRio de Janeiro, GB (Brasil): c[nd].  aAnais do 2. Congresso Brasileiro de Veterinaria Rio de Janeiro, GB (Brasil): [nd]. p. 447-452 (BR6009956-AM)L73  aDoenca animal aCaprino aOvino aProfilaxia aNordeste0 tAnais do 2. Congresso Brasileiro de VeterinariawL73 BR6009956gRio de Janeiro, GB (Brasil), [nd]. p. 447-452 a202404bLuciac55dLucia Elande cAM2AGRIS c303037d303037 002AGRIS40708Acervo Gerala41918b41918cAgrobasel0o5214 BR0101105r2024-05-20t01yAM10d2024-04-11ePortaria Interministerial nÂș 164/94